The Collected Works Of J V Naik; (Record no. 206334)

MARC details
000 -LEADER
fixed length control field 00619nam a22001937a 4500
005 - DATE AND TIME OF LATEST TRANSACTION
control field 20241011151348.0
010 ## - LCCN (DPL NO)
LC control number ENG-142107
020 ## - INTERNATIONAL STANDARD BOOK NUMBER
Terms of availability 750.00
035 ## - SYSTEM CONTROL NUMBER
System control number EN-125639
037 ## - SOURCE OF ACQUISITION
Source of stock number/acquisition DBAD/PUB
082 ## - DEWEY DECIMAL CLASSIFICATION NUMBER
Classification number 954.08
100 ## - MAIN ENTRY--PERSONAL NAME
Personal name Ranganathan, Murali
245 ## - TITLE STATEMENT
Title The Collected Works Of J V Naik;
Remainder of title Reform and renaissance in nineteenth century Maharashtra /
Statement of responsibility, etc Murali Ranganathan
250 ## - EDITION STATEMENT
Edition statement First
260 ## - PUBLICATION, DISTRIBUTION, ETC. (IMPRINT)
Place of publication, distribution, etc Mumbai
Name of publisher, distributor, etc Asiatic Society of Mumbai
Date of publication, distribution, etc 2016
270 ## - ADDRESS
Address Town Hall, Shahid Bhagat Singh Marg
City Mumbai
Postal code 400001
300 ## - PHYSICAL DESCRIPTION
Extent 380 p.
Dimensions 24cm(hb)
942 ## - ADDED ENTRY ELEMENTS (KOHA)
Source of classification or shelving scheme Dewey Decimal Classification
Item type English Books
Classification part 954.08
Call number suffix RAN
Holdings
Withdrawn status Lost status Not for loan Collection code Home library Current library Date acquired Source of acquisition Cost, normal purchase price Full call number Barcode Copy number Cost, replacement price Koha item type
      Non-fiction Bawana Bawana 11/10/2024 DBAD 750.00 954.08 RAN EN-125639 1 750.00 English Books

© Delhi Public Library
Hit Counter
free hit counter